[Event "2. Bundesliga Ost 2016/2017"]
[Site "alle Wien"]
[Date "2016.11.13"]
[Round "4"]
[Board "5"]
[White "Schweitzer, Werner"]
[Black "Stadler, Peter"]
[Result "1-0"]
[WhiteElo "2026"]
[BlackElo "2082"]
[PlyCount "129"]
[EventDate "2016.10.15"]
[EventType "team"]
[EventRounds "11"]
[EventCountry "AUT"]
[WhiteTeam "ASVOE VHS Poechlarn"]
[BlackTeam "SK Hietzing"]

1. e4 c5 2. Nc3 Nc6 3. g3 e6 4. Bg2 Nf6 5. d3 Be7 6. f4 d5 7. e5 Nd7 8. Nf3 Rb8
9. a4 a6 10. O-O b5 11. axb5 axb5 12. Qe2 b4 13. Nd1 O-O 14. Be3 f5 15. d4 Qb6
16. c3 bxc3 17. bxc3 cxd4 18. cxd4 Nb4 19. Qb2 Ba6 20. Rf2 Rfc8 21. Qa3 Qd8 22.
Ng5 Nf8 23. Qa5 h6 24. Nf3 Bd3 25. Bf1 Bxf1 26. Qxd8 Bxd8 27. Kxf1 Nc2 28. Ra2
Nxe3+ 29. Nxe3 Rb3 30. Rac2 Ra8 31. Rfe2 g5 32. Kf2 g4 33. Ne1 Bb6 34. Rcd2
Raa3 35. N3c2 Ra2 36. Ne3 Rxd2 37. Rxd2 Nd7 38. N3c2 Nb8 39. Ke2 Nc6 40. Rd3
Rb2 41. Kd1 Rb1+ 42. Ke2 Ba5 43. Rd1 Rb2 44. Kd3 Kf7 45. Ra1 Ke7 46. Rd1 Kd7
47. Rc1 Kc7 48. Ng2 Kb6 49. Nge3 Rb3+ 50. Ke2 Rc3 51. Rb1+ Kc7 52. Rb5 Bb6 53.
Kd2 Bxd4 54. Nxd4 Nxd4 55. Rxd5 exd5 56. Kxc3 Nf3 57. Nxf5 Nxh2 58. Kd4 h5 59.
Kxd5 Nf1 60. e6 h4 61. Nxh4 Nxg3 62. f5 Nh5 63. Ke5 g3 64. f6 Kd8 65. f7 1-0

[Event "2. Bundesliga Ost 2016/2017"]
[Site "alle Wien"]
[Date "2016.11.13"]
[Round "4"]
[Board "6"]
[White "Prager, Manfred"]
[Black "Gattermayer, Robert"]
[Result "0-1"]
[WhiteElo "1970"]
[BlackElo "1959"]
[PlyCount "100"]
[EventDate "2016.10.15"]
[EventType "team"]
[EventRounds "11"]
[EventCountry "AUT"]
[WhiteTeam "SK Hietzing"]
[BlackTeam "ASVOE VHS Poechlarn"]

1. e4 e5 2. Nf3 Nc6 3. d4 exd4 4. Nxd4 Nf6 5. Nxc6 bxc6 6. Bd3 d6 7. Nd2 Be7 8.
O-O O-O 9. f4 Re8 10. c3 a5 11. Nf3 Ba6 12. Re1 Bxd3 13. Qxd3 Bf8 14. b3 d5 15.
e5 Ne4 16. Be3 Qd7 17. c4 Rad8 18. Red1 Ba3 19. Rab1 Qg4 20. cxd5 cxd5 21. Nd2
Nxd2 22. Bxd2 Bc5+ 23. Be3 d4 24. Bd2 Bb6 25. Rf1 Qe6 26. Rf3 Rd5 27. Rbf1 Qc6
28. Rc1 Qd7 29. Kh1 f6 30. exf6 gxf6 31. Rcf1 Kh8 32. Bc1 Qf5 33. Qc4 Rd7 34.
Bb2 Qe4 35. Qb5 Qd5 36. Qd3 Qe4 37. Qb5 Rde7 38. Ba3 Rg7 39. Qh5 Reg8 40. Qh3
Qc2 41. R3f2 Qg6 42. Bb2 Re7 43. Rd2 Rge8 44. Qf3 Re4 45. g3 h6 46. Rfd1 Qf5
47. Bxd4 Bxd4 48. Rxd4 Re3 49. Qd5 Qh3 50. Qxa5 Re2 0-1

[Event "2. Bundesliga Ost 2016/2017"]
[Site "alle Wien"]
[Date "2016.11.13"]
[Round "4"]
[Board "1"]
[White "Stanec, Nikolaus"]
[Black "Bachofner, Andreas"]
[Result "1-0"]
[WhiteElo "2444"]
[BlackElo "2214"]
[PlyCount "59"]
[EventDate "2016.10.15"]
[EventType "team"]
[EventRounds "11"]
[EventCountry "AUT"]
[WhiteTeam "SC Donaustadt"]
[BlackTeam "Blackburne Nickelsdorf 2"]

1. e4 e6 2. d3 d5 3. Nd2 c5 4. Ngf3 Nc6 5. g3 Nf6 6. Bg2 Be7 7. O-O O-O 8. Re1
b5 9. exd5 exd5 10. d4 c4 11. a4 Bf5 12. c3 a6 13. Ne5 Nxe5 14. dxe5 Ne8 15.
Nf1 Nc7 16. Be3 Rb8 17. axb5 Rxb5 18. Ra2 Qb8 19. Bd4 Rd8 20. Ne3 Bd3 21. Qg4
g6 22. f4 Rxb2 23. Rxb2 Qxb2 24. f5 h5 25. Qf4 Qb8 26. e6 Nxe6 27. fxe6 fxe6
28. Qh6 Bf8 29. Qh8+ Kf7 30. Qh7+ 1-0

[Event "2. Bundesliga Ost 2016/2017"]
[Site "alle Wien"]
[Date "2016.11.13"]
[Round "4"]
[Board "2"]
[White "Bury, Rastislav"]
[Black "Kummer, Helmut"]
[Result "0-1"]
[WhiteElo "2159"]
[BlackElo "2299"]
[PlyCount "78"]
[EventDate "2016.10.15"]
[EventType "team"]
[EventRounds "11"]
[EventCountry "AUT"]
[WhiteTeam "Blackburne Nickelsdorf 2"]
[BlackTeam "SC Donaustadt"]

1. d4 d5 2. Nf3 Nf6 3. g3 c6 4. Bg2 Bf5 5. O-O h6 6. b3 e6 7. Bb2 Nbd7 8. Nbd2
Be7 9. Ne5 O-O 10. c4 Qc7 11. Qc1 Rad8 12. Nxd7 Rxd7 13. Rd1 Rc8 14. Nf1 b6 15.
Ne3 Be4 16. Ba3 Bxa3 17. Qxa3 Bxg2 18. Kxg2 dxc4 19. Nxc4 Rcd8 20. e3 c5 21.
Ne5 Rd6 22. Rdc1 Qb7+ 23. Kg1 cxd4 24. exd4 Ne4 25. Nf3 a5 26. b4 axb4 27. Qxb4
Nxg3 28. hxg3 Qxf3 29. Rc8 Rxc8 30. Qxd6 Rc2 31. Rf1 Rxa2 32. Qxb6 Rd2 33. Qb4
Rd3 34. Re1 Kh7 35. Qc5 Rd2 36. Rf1 Qf6 37. Qe5 Kg6 38. Qe4+ Qf5 39. Qh4 Kh7
 0-1

[Event "2. Bundesliga Ost 2016/2017"]
[Site "alle Wien"]
[Date "2016.11.13"]
[Round "4"]
[Board "3"]
[White "Pingitzer, Harald"]
[Black "Kuntner, Reinhard"]
[Result "1-0"]
[WhiteElo "2314"]
[BlackElo "2076"]
[PlyCount "91"]
[EventDate "2016.10.15"]
[EventType "team"]
[EventRounds "11"]
[EventCountry "AUT"]
[WhiteTeam "SC Donaustadt"]
[BlackTeam "Blackburne Nickelsdorf 2"]

1. Nf3 c5 2. e3 g6 3. d4 Bg7 4. c3 b6 5. dxc5 Nf6 6. cxb6 Qxb6 7. Qd4 Qd8 8.
Be2 O-O 9. O-O d6 10. Nbd2 Nc6 11. Qa4 Qc7 12. Nd4 Ne5 13. h3 Bd7 14. Qa6 Bc8
15. Qa3 Bb7 16. c4 a5 17. b3 Rfd8 18. Bb2 Bf8 19. Rac1 Nfd7 20. f4 Nc6 21. Nxc6
Bxc6 22. Ba1 Qb6 23. Bd4 Qb7 24. Nf3 e5 25. Ba1 Qb6 26. c5 Nxc5 27. fxe5 dxe5
28. Qb2 Ne4 29. Rxc6 Qxe3+ 30. Kh2 Qf4+ 31. Kh1 Ng3+ 32. Kg1 Qe3+ 33. Rf2 Bg7
34. Rc3 Qb6 35. Bc4 Ne4 36. Bxf7+ Kh8 37. Rcc2 Rd1+ 38. Kh2 Nxf2 39. Rxf2 Rxa1
40. Ng5 e4 41. Qe2 Be5+ 42. g3 Rf8 43. Kg2 Rb1 44. Qxe4 Bd4 45. Ne6 Rd8 46.
Nxd4 1-0

[Event "2. Bundesliga Ost 2016/2017"]
[Site "alle Wien"]
[Date "2016.11.13"]
[Round "4"]
[Board "4"]
[White "Rongitsch, Thomas"]
[Black "Schwab, Lukas"]
[Result "1/2-1/2"]
[WhiteElo "2092"]
[BlackElo "2087"]
[PlyCount "66"]
[EventDate "2016.10.15"]
[EventType "team"]
[EventRounds "11"]
[EventCountry "AUT"]
[WhiteTeam "Blackburne Nickelsdorf 2"]
[BlackTeam "SC Donaustadt"]

1. e4 e5 2. Nf3 Nc6 3. d4 exd4 4. Nxd4 Bb4+ 5. c3 Bc5 6. Be3 Bb6 7. Be2 Nf6 8.
Nd2 O-O 9. O-O Re8 10. Qc2 d5 11. Nxc6 bxc6 12. Bxb6 cxb6 13. Bf3 Bg4 14. exd5
Bxf3 15. Nxf3 Nxd5 16. Rad1 Qf6 17. Rfe1 h6 18. h3 Nf4 19. Kh2 Rxe1 20. Rxe1
Rd8 21. Qe4 Qd6 22. g3 Ne6 23. Kg2 Qd5 24. Qxd5 Rxd5 25. Re2 Kf8 26. Ne5 c5 27.
f4 Rd6 28. Kf2 b5 29. f5 Nc7 30. a3 a6 31. h4 Na8 32. g4 Nb6 33. g5 hxg5
 1/2-1/2

[Event "2. Bundesliga Ost 2016/2017"]
[Site "alle Wien"]
[Date "2016.11.13"]
[Round "4"]
[Board "5"]
[White "Schwab, Rene"]
[Black "Bachofner, Christian"]
[Result "1/2-1/2"]
[WhiteElo "2194"]
[BlackElo "2030"]
[PlyCount "37"]
[EventDate "2016.10.15"]
[EventType "team"]
[EventRounds "11"]
[EventCountry "AUT"]
[WhiteTeam "SC Donaustadt"]
[BlackTeam "Blackburne Nickelsdorf 2"]

1. e4 c5 2. Nf3 d6 3. Bb5+ Bd7 4. a4 a6 5. Bxd7+ Qxd7 6. O-O Nc6 7. d4 cxd4 8.
Nxd4 Nf6 9. Re1 e6 10. Bg5 Be7 11. c3 O-O 12. Na3 Qc7 13. Nac2 Rac8 14. Bh4
Rfd8 15. Qe2 Ne5 16. f4 Ng6 17. Bxf6 Bxf6 18. Qf2 Nxf4 19. Qxf4 1/2-1/2

[Event "2. Bundesliga Ost 2016/2017"]
[Site "alle Wien"]
[Date "2016.11.13"]
[Round "4"]
[Board "6"]
[White "Gratze, Michael"]
[Black "Karlusch, Albrecht"]
[Result "1/2-1/2"]
[WhiteElo "2019"]
[BlackElo "2142"]
[PlyCount "82"]
[EventDate "2016.10.15"]
[EventType "team"]
[EventRounds "11"]
[EventCountry "AUT"]
[WhiteTeam "Blackburne Nickelsdorf 2"]
[BlackTeam "SC Donaustadt"]

1. e4 e6 2. d4 d5 3. Nd2 Nf6 4. e5 Nfd7 5. Ngf3 c5 6. c4 Nc6 7. cxd5 exd5 8.
Bd3 cxd4 9. O-O Be7 10. Re1 Nc5 11. Nb3 Nxb3 12. Qxb3 O-O 13. h3 Re8 14. Bf4 g6
15. Rac1 Qb6 16. Bb5 Bd7 17. Bxc6 Qxb3 18. axb3 bxc6 19. Nxd4 Bb4 20. Red1 Rac8
21. Bg3 Ba5 22. f4 c5 23. Nf3 Be6 24. Bf2 d4 25. Rd3 Rc7 26. b4 Bxb4 27. Rxd4
cxd4 28. Rxc7 d3 29. Be3 Rd8 30. Bd2 Bxd2 31. Nxd2 Rb8 32. Kf2 Rxb2 33. Ke3 a5
34. Ra7 Rb5 35. g4 Kg7 36. Kxd3 h5 37. Ne4 hxg4 38. hxg4 Bxg4 39. Ng5 Rd5+ 40.
Kc4 Rd2 41. Rxa5 Be6+ 1/2-1/2

[Event "2. Bundesliga Ost 2016/2017"]
[Site "alle Wien"]
[Date "2016.11.13"]
[Round "4"]
[Board "1"]
[White "Videki, Sandor"]
[Black "Menezes, Christoph"]
[Result "0-1"]
[WhiteElo "2421"]
[BlackElo "2411"]
[PlyCount "80"]
[EventDate "2016.10.15"]
[EventType "team"]
[EventRounds "11"]
[EventCountry "AUT"]
[WhiteTeam "SC Data Technology Pressbaum/E."]
[BlackTeam "tschaturanga"]

1. c4 e6 2. Nc3 d5 3. d4 Bb4 4. cxd5 exd5 5. Bf4 Nf6 6. e3 O-O 7. Rc1 c6 8. Bd3
Re8 9. Nge2 Nh5 10. O-O Nd7 11. h3 Nxf4 12. Nxf4 Bd6 13. Qf3 Nb6 14. Nce2 Qf6
15. Rfd1 Bd7 16. Ng3 g6 17. Bf1 a5 18. Nfe2 Qxf3 19. gxf3 h5 20. Bg2 a4 21. e4
f6 22. Nf1 Be6 23. Nc3 Bb4 24. a3 Bf8 25. Ne3 dxe4 26. fxe4 Bb3 27. Re1 Bh6 28.
d5 Nc4 29. Re2 Nxe3 30. fxe3 cxd5 31. Rce1 Bxe3+ 32. Rxe3 d4 33. Rd3 dxc3 34.
Rxc3 Rac8 35. Rec1 Rxc3 36. Rxc3 Rd8 37. Rc7 Rd2 38. Rxb7 Rxb2 39. h4 Ra2 40.
Bh3 Rxa3 0-1

[Event "2. Bundesliga Ost 2016/2017"]
[Site "alle Wien"]
[Date "2016.11.13"]
[Round "4"]
[Board "2"]
[White "Wcislo, Damian"]
[Black "Rumpl, Erwin"]
[Result "1-0"]
[WhiteElo "2304"]
[BlackElo "2317"]
[PlyCount "71"]
[EventDate "2016.10.15"]
[EventType "team"]
[EventRounds "11"]
[EventCountry "AUT"]
[WhiteTeam "tschaturanga"]
[BlackTeam "SC Data Technology Pressbaum/E."]

1. d4 e6 2. c4 b6 3. Nf3 Bb7 4. a3 Nf6 5. Nc3 d5 6. cxd5 Nxd5 7. Qc2 Nxc3 8.
bxc3 Nd7 9. e4 Be7 10. Bd3 c5 11. O-O O-O 12. Rd1 cxd4 13. cxd4 Rc8 14. Qe2 Nf6
15. d5 exd5 16. e5 Nd7 17. Nd4 Nc5 18. Bf5 Rc7 19. Qg4 Kh8 20. Nb5 g6 21. Bh6
Rg8 22. Bc2 Bc8 23. Qf3 Rd7 24. Nd4 Bf8 25. Nc6 Qc7 26. Qf6+ Bg7 27. Bxg7+ Rxg7
28. Rac1 Ba6 29. h4 Be2 30. Re1 Bb5 31. Nd4 Bc4 32. Bf5 gxf5 33. Nxf5 Ne6 34.
Nxg7 Nxg7 35. e6 fxe6 36. Qf8# 1-0

[Event "2. Bundesliga Ost 2016/2017"]
[Site "alle Wien"]
[Date "2016.11.13"]
[Round "4"]
[Board "3"]
[White "Weissenbeck, Manuel"]
[Black "Sadilek, Peter"]
[Result "1/2-1/2"]
[WhiteElo "2229"]
[BlackElo "2274"]
[PlyCount "73"]
[EventDate "2016.10.15"]
[EventType "team"]
[EventRounds "11"]
[EventCountry "AUT"]
[WhiteTeam "SC Data Technology Pressbaum/E."]
[BlackTeam "tschaturanga"]

1. d4 Nf6 2. Nf3 g6 3. c4 Bg7 4. Nc3 O-O 5. e4 d6 6. Be2 e5 7. O-O Nc6 8. d5
Ne7 9. b4 Nh5 10. Re1 f5 11. c5 a5 12. cxd6 cxd6 13. Rb1 h6 14. Bd3 fxe4 15.
Bxe4 Nf6 16. Nd2 Ng4 17. Bf3 Nf6 18. Nde4 Nf5 19. Nb5 axb4 20. Rxb4 Rxa2 21.
Qb3 Ra1 22. Bd2 Rxe1+ 23. Bxe1 Nxe4 24. Bxe4 Qf6 25. Rc4 Nd4 26. Nxd4 exd4 27.
Rc7 Qe5 28. f3 Qg5 29. Bf2 Bh3 30. Bg3 Rf7 31. f4 Rxf4 32. Bxf4 Qxf4 33. Qf3
Qxf3 34. gxf3 g5 35. Rxb7 Be5 36. Rh7 Bg7 37. Kf2 1/2-1/2

[Event "2. Bundesliga Ost 2016/2017"]
[Site "alle Wien"]
[Date "2016.11.13"]
[Round "4"]
[Board "4"]
[White "Sadilek, Maximilian"]
[Black "Neumeier, Klaus"]
[Result "1-0"]
[WhiteElo "2258"]
[BlackElo "2286"]
[PlyCount "67"]
[EventDate "2016.10.15"]
[EventType "team"]
[EventRounds "11"]
[EventCountry "AUT"]
[WhiteTeam "tschaturanga"]
[BlackTeam "SC Data Technology Pressbaum/E."]

1. Nc3 c5 2. e4 Nc6 3. Bb5 Nd4 4. Bc4 a6 5. d3 e6 6. a4 Qc7 7. Nge2 Nf6 8. O-O
Be7 9. f4 d6 10. Ba2 O-O 11. Kh1 Bd7 12. Be3 Nxe2 13. Qxe2 b5 14. g4 b4 15. Nd1
Bc6 16. Kg1 d5 17. g5 Nd7 18. Nf2 Rfe8 19. h4 c4 20. e5 Nxe5 21. fxe5 Qxe5 22.
Qf3 Qc7 23. Ng4 Bd6 24. d4 Bxa4 25. Bb1 Bc6 26. c3 a5 27. Bxh7+ Kh8 28. Nf6 g6
29. h5 e5 30. hxg6 fxg6 31. Bxg6 Kg7 32. Nh5+ Kxg6 33. Qf5+ Kxh5 34. Rf3 1-0

[Event "2. Bundesliga Ost 2016/2017"]
[Site "alle Wien"]
[Date "2016.11.13"]
[Round "4"]
[Board "5"]
[White "Hechl, Gerald"]
[Black "Morgunov, Daniel"]
[Result "1/2-1/2"]
[WhiteElo "2251"]
[BlackElo "2092"]
[PlyCount "53"]
[EventDate "2016.10.15"]
[EventType "team"]
[EventRounds "11"]
[EventCountry "AUT"]
[WhiteTeam "SC Data Technology Pressbaum/E."]
[BlackTeam "tschaturanga"]

1. d4 Nf6 2. Bg5 Ne4 3. Bf4 c5 4. f3 Qa5+ 5. c3 Nf6 6. Nd2 cxd4 7. Nb3 Qb6 8.
Nxd4 Nc6 9. Nxc6 bxc6 10. Qd2 g6 11. e4 Bg7 12. Bc4 O-O 13. Ne2 d6 14. Be3 Qc7
15. O-O Nd7 16. Kh1 Ne5 17. Bb3 Ba6 18. Rfd1 Nc4 19. Bxc4 Bxc4 20. Ng3 Rab8 21.
b3 Be6 22. Bh6 c5 23. Bxg7 Kxg7 24. f4 f6 25. f5 Bf7 26. c4 a5 27. Qf4 1/2-1/2

[Event "2. Bundesliga Ost 2016/2017"]
[Site "alle Wien"]
[Date "2016.11.13"]
[Round "4"]
[Board "6"]
[White "Leitner, Gerald"]
[Black "Wandl, Werner"]
[Result "1/2-1/2"]
[WhiteElo "2160"]
[BlackElo "2057"]
[PlyCount "115"]
[EventDate "2016.10.15"]
[EventType "team"]
[EventRounds "11"]
[EventCountry "AUT"]
[WhiteTeam "tschaturanga"]
[BlackTeam "SC Data Technology Pressbaum/E."]

1. d4 Nf6 2. c4 e6 3. Nc3 d5 4. Nf3 c6 5. Bg5 Nbd7 6. e3 Qa5 7. cxd5 exd5 8.
Bd3 Ne4 9. Rc1 Nxg5 10. Nxg5 Nf6 11. Qc2 h6 12. Nf3 Bd6 13. O-O O-O 14. a3 Qd8
15. b4 a5 16. Qb3 Qe7 17. Rb1 Ne4 18. Rb2 Kh8 19. Rfb1 Bg4 20. Ne1 f5 21. g3
axb4 22. axb4 Bxb4 23. Nxe4 fxe4 24. Qxb4 Qxb4 25. Rxb4 exd3 26. Nxd3 Bf5 27.
R4b3 Ra2 28. R1b2 Ra1+ 29. Kg2 Be4+ 30. f3 Rxf3 31. Nf2 Rxe3+ 32. Nxe4 Rxe4 33.
Rxb7 Rxd4 34. Rc7 Ra6 35. Rbb7 Rg4 36. Kf3 h5 37. Rc8+ Kh7 38. Rbc7 Ra3+ 39.
Kg2 Ra2+ 40. Kh3 Re4 41. Rxc6 Ree2 42. Kh4 Rxh2+ 43. Kg5 Rag2 44. Kf4 Rh3 45.
Rc3 d4 46. Rd3 h4 47. Rxd4 Rhxg3 48. Rdd8 Rf2+ 49. Ke4 h3 50. Rh8+ Kg6 51. Rh4
Ra2 52. Kf4 Rb3 53. Rg4+ Kf7 54. Rc7+ Ke6 55. Rg6+ Kd5 56. Rd7+ Kc4 57. Rc7+
Kd5 58. Rd7+ 1/2-1/2

[Event "2. Bundesliga Ost 2016/2017"]
[Site "alle Wien"]
[Date "2016.11.13"]
[Round "4"]
[Board "1"]
[White "Certek, Pavel"]
[Black "Jovanovic, Dusan"]
[Result "1/2-1/2"]
[WhiteElo "2249"]
[BlackElo "2375"]
[PlyCount "86"]
[EventDate "2016.10.15"]
[EventType "team"]
[EventRounds "11"]
[EventCountry "AUT"]
[WhiteTeam "ASVOE Mattersburg"]
[BlackTeam "SK Sparkasse Bad Voeslau"]

1. d4 Nf6 2. Nf3 e6 3. e3 b6 4. Bd3 Bb7 5. O-O c5 6. c4 d6 7. Nc3 Nbd7 8. b3
Be7 9. Bb2 a6 10. Rc1 O-O 11. d5 exd5 12. cxd5 Ne8 13. Bb1 g6 14. e4 Bf6 15.
Qc2 Nc7 16. Nd1 Re8 17. Ne3 h5 18. Nc4 Bxb2 19. Qxb2 Nf6 20. Rfe1 b5 21. Ncd2
b4 22. a4 bxa3 23. Qxa3 Rb8 24. Nc4 Bc8 25. Bc2 Bg4 26. Nfd2 Rb4 27. f3 Bc8 28.
Qa1 h4 29. Rcd1 Nh5 30. Nf1 Nb5 31. Nfe3 Nf4 32. Kh1 Nd4 33. Rxd4 cxd4 34. Qxd4
Rb5 35. g3 hxg3 36. hxg3 Nh5 37. Rg1 Rb7 38. Kh2 f6 39. Kg2 Kf7 40. Kf2 Rh8 41.
Ng2 Ng7 42. Ra1 Rd7 43. Bd3 Qe7 1/2-1/2

[Event "2. Bundesliga Ost 2016/2017"]
[Site "alle Wien"]
[Date "2016.11.13"]
[Round "4"]
[Board "2"]
[White "Plachetka, Jan"]
[Black "Petran, Peter"]
[Result "1/2-1/2"]
[WhiteElo "2354"]
[BlackElo "2306"]
[PlyCount "27"]
[EventDate "2016.10.15"]
[EventType "team"]
[EventRounds "11"]
[EventCountry "AUT"]
[WhiteTeam "SK Sparkasse Bad Voeslau"]
[BlackTeam "ASVOE Mattersburg"]

1. e4 g6 2. d4 Bg7 3. Nc3 d6 4. Be3 a6 5. Qd2 b5 6. a3 Nd7 7. f3 c6 8. h4 h5 9.
Nh3 Nb6 10. Nf2 Nf6 11. Be2 Qc7 12. Rd1 Rb8 13. b3 Ra8 14. O-O 1/2-1/2

[Event "2. Bundesliga Ost 2016/2017"]
[Site "alle Wien"]
[Date "2016.11.13"]
[Round "4"]
[Board "3"]
[White "Brod, Manfred"]
[Black "Grimm, Daniel"]
[Result "1/2-1/2"]
[WhiteElo "2277"]
[BlackElo "2346"]
[PlyCount "32"]
[EventDate "2016.10.15"]
[EventType "team"]
[EventRounds "11"]
[EventCountry "AUT"]
[WhiteTeam "ASVOE Mattersburg"]
[BlackTeam "SK Sparkasse Bad Voeslau"]

1. e4 Nf6 2. e5 Nd5 3. c4 Nb6 4. d4 d6 5. exd6 cxd6 6. Nc3 g6 7. a4 a5 8. c5
dxc5 9. Bb5+ N6d7 10. Bf4 Bg7 11. Nd5 e5 12. dxe5 O-O 13. Nf3 Nb6 14. Ne3 Be6
15. Qc2 N8d7 16. O-O Qc7 1/2-1/2

[Event "2. Bundesliga Ost 2016/2017"]
[Site "alle Wien"]
[Date "2016.11.13"]
[Round "4"]
[Board "4"]
[White "Brehovsky, Paul"]
[Black "Pallitsch, Clemens"]
[Result "0-1"]
[WhiteElo "2127"]
[BlackElo "2202"]
[PlyCount "72"]
[EventDate "2016.10.15"]
[EventType "team"]
[EventRounds "11"]
[EventCountry "AUT"]
[WhiteTeam "SK Sparkasse Bad Voeslau"]
[BlackTeam "ASVOE Mattersburg"]

1. d4 d5 2. c4 c6 3. Nc3 Nf6 4. Nf3 a6 5. e3 b5 6. b3 Bg4 7. Be2 e6 8. O-O Bb4
9. Bd2 O-O 10. Nxd5 Nxd5 11. cxd5 Bxd2 12. Nxd2 Bxe2 13. Qxe2 cxd5 14. Rfc1 Nd7
15. Nf3 Rc8 16. Rxc8 Qxc8 17. Qd2 Qb7 18. Rc1 Rc8 19. Rxc8+ Qxc8 20. Ne1 f6 21.
Nd3 Kf7 22. f3 Qc7 23. g3 a5 24. a3 a4 25. bxa4 bxa4 26. Nb2 Nb6 27. Kf2 Qc6
28. Nd3 Qb5 29. Nc5 Qb1 30. Kg2 Nc4 31. Qd3 Qxd3 32. Nxd3 Nxe3+ 33. Kf2 Nc2 34.
Nc5 Nxd4 35. Nxa4 Nb5 36. Nc5 Nxa3 0-1

[Event "2. Bundesliga Ost 2016/2017"]
[Site "alle Wien"]
[Date "2016.11.13"]
[Round "4"]
[Board "5"]
[White "Salamon, Werner"]
[Black "Lampl, Gerald"]
[Result "1/2-1/2"]
[WhiteElo "2157"]
[BlackElo "2082"]
[PlyCount "61"]
[EventDate "2016.10.15"]
[EventType "team"]
[EventRounds "11"]
[EventCountry "AUT"]
[WhiteTeam "ASVOE Mattersburg"]
[BlackTeam "SK Sparkasse Bad Voeslau"]

1. e4 c6 2. d4 d5 3. exd5 cxd5 4. Bd3 Nc6 5. c3 Qc7 6. Ne2 Bg4 7. O-O e6 8. h3
Bh5 9. Qb3 Bd6 10. Re1 Nge7 11. Nd2 O-O 12. Nf1 Rab8 13. Bg5 f6 14. Bh4 Kh8 15.
Bg3 e5 16. f3 b5 17. Rac1 b4 18. Qc2 bxc3 19. bxc3 Rfc8 20. dxe5 fxe5 21. Ne3
Bc5 22. Bf2 Bf7 23. Rb1 Qa5 24. Rxb8 Rxb8 25. Nc1 Ba3 26. Nb3 Qa4 27. Nf5 g6
28. Nxe7 Bxe7 29. Bg3 Bd6 30. Kh2 Qa3 31. Qe2 1/2-1/2

[Event "2. Bundesliga Ost 2016/2017"]
[Site "alle Wien"]
[Date "2016.11.13"]
[Round "4"]
[Board "6"]
[White "Dittel, Herbert"]
[Black "Savio, Alfred Jun."]
[Result "0-1"]
[WhiteElo "2068"]
[BlackElo "2024"]
[PlyCount "52"]
[EventDate "2016.10.15"]
[EventType "team"]
[EventRounds "11"]
[EventCountry "AUT"]
[WhiteTeam "SK Sparkasse Bad Voeslau"]
[BlackTeam "ASVOE Mattersburg"]

1. d4 d5 2. Nf3 Nf6 3. c4 e6 4. Nc3 Be7 5. Bg5 O-O 6. e3 b6 7. Bxf6 Bxf6 8.
cxd5 exd5 9. Bd3 Bb7 10. O-O Re8 11. Rc1 Re7 12. b4 Nd7 13. Qb3 Nf8 14. Rfd1 h6
15. h3 Nh7 16. b5 Ng5 17. Nxg5 Bxg5 18. a4 Qd6 19. Bf1 Rae8 20. Na2 f5 21. Nb4
f4 22. exf4 Bxf4 23. Rb1 Rf8 24. g3 Be3 25. fxe3 Qxg3+ 26. Bg2 Rf2 0-1

[Event "2. Bundesliga Ost 2016/2017"]
[Site "alle Wien"]
[Date "2016.11.13"]
[Round "4"]
[Board "1"]
[White "Rubil, Marko"]
[Black "Jankovic, Alojzije"]
[Result "0-1"]
[WhiteElo "2306"]
[BlackElo "2579"]
[PlyCount "85"]
[EventDate "2016.10.15"]
[EventType "team"]
[EventRounds "11"]
[EventCountry "AUT"]
[WhiteTeam "SZ Favoriten"]
[BlackTeam "SK Advisory Invest Baden"]

1. e4 c5 2. Nf3 Nc6 3. d4 cxd4 4. Nxd4 Nf6 5. Nc3 d6 6. Bg5 e6 7. Qd2 a6 8.
O-O-O Bd7 9. f4 b5 10. Bxf6 gxf6 11. Kb1 Qb6 12. Nxc6 Bxc6 13. Qe1 Rc8 14. Nd5
Qd8 15. f5 Bxd5 16. exd5 e5 17. Qh4 h5 18. Be2 Ke7 19. Rhf1 Qc7 20. Qe4 h4 21.
Rf3 Bh6 22. Rc3 Qb7 23. Rc6 Bf4 24. h3 Rhd8 25. a4 Rb8 26. axb5 axb5 27. Rd3
Ra8 28. Qb4 Ra4 29. Qc3 Rda8 30. b3 Ra1+ 31. Qxa1 Rxa1+ 32. Kxa1 e4 33. Rd1
Be5+ 34. Kb1 Qa7 35. c3 b4 36. Ra6 Qe3 37. Ra2 Qxc3 38. Bc4 e3 39. Rd3 Qe1+ 40.
Kc2 Qe2+ 41. Kb1 Qf1+ 42. Kc2 e2 43. Rd2 0-1

[Event "2. Bundesliga Ost 2016/2017"]
[Site "alle Wien"]
[Date "2016.11.13"]
[Round "4"]
[Board "2"]
[White "Juenger, Heinz"]
[Black "Steiner, Bruno"]
[Result "1-0"]
[WhiteElo "2110"]
[BlackElo "2166"]
[PlyCount "77"]
[EventDate "2016.10.15"]
[EventType "team"]
[EventRounds "11"]
[EventCountry "AUT"]
[WhiteTeam "SK Advisory Invest Baden"]
[BlackTeam "SZ Favoriten"]

1. d4 d5 2. c4 e6 3. Nf3 Nf6 4. g3 Be7 5. Bg2 O-O 6. O-O dxc4 7. Qc2 a6 8. a4
Nc6 9. Qxc4 Nb4 10. Bd2 b5 11. Qb3 bxa4 12. Rxa4 Nbd5 13. Ne5 Bd7 14. Nxd7 Qxd7
15. Qa2 Rab8 16. Rxa6 Qb5 17. Bf3 Qxb2 18. e4 Qxa2 19. Rxa2 Nb4 20. Ra7 Nc6 21.
Ra4 Rfd8 22. Be3 Nb4 23. Na3 Nd3 24. Ra7 Bb4 25. Rd1 Ne1 26. Rxe1 Bxe1 27. Rxc7
Ba5 28. Rc4 Rb3 29. Ra4 Bc3 30. Nc4 Bxd4 31. Bxd4 Nxe4 32. Bxe4 f5 33. Nd2 Rb5
34. Bc6 Rbb8 35. Nf3 Rbc8 36. Ne5 Rd6 37. Bf3 g5 38. h3 Rcd8 39. Be3 1-0

[Event "2. Bundesliga Ost 2016/2017"]
[Site "alle Wien"]
[Date "2016.11.13"]
[Round "4"]
[Board "3"]
[White "Knoflicek, Ctibor"]
[Black "Dzierzenga, Stefan"]
[Result "1/2-1/2"]
[WhiteElo "2212"]
[BlackElo "2221"]
[PlyCount "40"]
[EventDate "2016.10.15"]
[EventType "team"]
[EventRounds "11"]
[EventCountry "AUT"]
[WhiteTeam "SZ Favoriten"]
[BlackTeam "SK Advisory Invest Baden"]

1. e4 e6 2. d4 d5 3. Nc3 Bb4 4. e5 c5 5. a3 Bxc3+ 6. bxc3 Qa5 7. Bd2 Qa4 8. Qg4
g6 9. Qd1 Nc6 10. Rb1 a6 11. Nf3 f6 12. Bd3 c4 13. Be2 fxe5 14. dxe5 Qxa3 15.
O-O Nge7 16. Qe1 Qa2 17. Ra1 Qb2 18. Rb1 Qa2 19. Ra1 Qb2 20. Rb1 Qa2 1/2-1/2

[Event "2. Bundesliga Ost 2016/2017"]
[Site "alle Wien"]
[Date "2016.11.13"]
[Round "4"]
[Board "4"]
[White "Purgar, Ivona"]
[Black "Chulis, Alexander"]
[Result "1-0"]
[WhiteElo "2134"]
[BlackElo "2157"]
[PlyCount "53"]
[EventDate "2016.10.15"]
[EventType "team"]
[EventRounds "11"]
[EventCountry "AUT"]
[WhiteTeam "SK Advisory Invest Baden"]
[BlackTeam "SZ Favoriten"]

1. e4 e5 2. Nf3 Nc6 3. Bb5 f5 4. d4 fxe4 5. Bxc6 dxc6 6. Nxe5 Nf6 7. Bg5 Bf5 8.
c3 Qd5 9. O-O O-O-O 10. b4 c5 11. bxc5 Bxc5 12. Nd2 Bd6 13. Ndc4 h6 14. Bd2 Bd7
15. Nxd6+ cxd6 16. c4 Qe6 17. Nxd7 Qxd7 18. d5 Kb8 19. Be3 Ng4 20. Bd4 Rhe8 21.
Qb3 Rc8 22. Rab1 Rc7 23. Qa3 b6 24. Bxb6 axb6 25. Rxb6+ Rb7 26. Rfb1 Rd8 27.
Qa6 1-0